Presidents, prime ministers, and chancellors : (Record no. 6982)

MARC details
000 -LEADER
fixed length control field 01343nac a22002891u 4500
010 ## - LIBRARY OF CONGRESS CONTROL NUMBER
LC control number 2004056901
020 ## - INTERNATIONAL STANDARD BOOK NUMBER
International Standard Book Number 1403942501 (hardcover)
020 ## - INTERNATIONAL STANDARD BOOK NUMBER
International Standard Book Number 140394251X (pbk.)
082 00 - DEWEY DECIMAL CLASSIFICATION NUMBER
Classification number 352.236
Item number HEL
090 ## - LOCALLY ASSIGNED LC-TYPE CALL NUMBER (OCLC); LOCAL CALL NUMBER (OCLC)
-- 6982
-- 6982
100 ## - MAIN ENTRY--PERSONAL NAME
Personal name Helms, Ludger.
245 10 - TITLE STATEMENT
Title Presidents, prime ministers, and chancellors :
Remainder of title executive leadership in western democracies /
Statement of responsibility, etc Ludger Helms.
246 30 - VARYING FORM OF TITLE
Title proper/short title Executive leadership in western democracies
260 ## - PUBLICATION, DISTRIBUTION, ETC. (IMPRINT)
Place of publication, distribution, etc Houndmills, Basingstoke, Hampshire ;
-- New York :
Name of publisher, distributor, etc Palgrave Macmillan,2005
Date of publication, distribution, etc 2005.
300 ## - PHYSICAL DESCRIPTION
Extent xii, 315 p. ;
Dimensions 23 cm.
500 ## - GENERAL NOTE
General note distributer: Al-Ahram
504 ## - BIBLIOGRAPHY, ETC. NOTE
Bibliography, etc Includes bibliographical references (p. 283-306) and index.
511 ## - PARTICIPANT OR PERFORMER NOTE
Participant or performer note catalogued by: wessam
650 #0 - SUBJECT ADDED ENTRY--TOPICAL TERM
Topical term or geographic name as entry element Executive power
Form subdivision Cross-cultural studies.
650 #0 - SUBJECT ADDED ENTRY--TOPICAL TERM
Topical term or geographic name as entry element Political leadership
Form subdivision Cross-cultural studies.
650 #0 - SUBJECT ADDED ENTRY--TOPICAL TERM
Topical term or geographic name as entry element Heads of state
Form subdivision Cross-cultural studies.
650 #0 - SUBJECT ADDED ENTRY--TOPICAL TERM
Topical term or geographic name as entry element Democracy
Form subdivision Cross-cultural studies.
856 42 - ELECTRONIC LOCATION AND ACCESS
Materials specified Contributor biographical information
Uniform Resource Identifier <a href="http://www.loc.gov/catdir/enhancements/fy0618/2004056901-b.html">http://www.loc.gov/catdir/enhancements/fy0618/2004056901-b.html</a>
856 42 - ELECTRONIC LOCATION AND ACCESS
Materials specified Publisher description
Uniform Resource Identifier <a href="http://www.loc.gov/catdir/enhancements/fy0618/2004056901-d.html">http://www.loc.gov/catdir/enhancements/fy0618/2004056901-d.html</a>
856 42 - ELECTRONIC LOCATION AND ACCESS
Materials specified Table of contents only
Uniform Resource Identifier <a href="http://www.loc.gov/catdir/enhancements/fy0618/2004056901-t.html">http://www.loc.gov/catdir/enhancements/fy0618/2004056901-t.html</a>
942 ## - ADDED ENTRY ELEMENTS (KOHA)
Item type Book - Borrowing
Call number prefix 352.236HEL
Holdings
Withdrawn status Item status Damaged status Not for loan Home library Current library Shelving location Date acquired Source of acquisition Total Checkouts Full call number Barcode Date last seen Koha item type
        Central Library Central Library First floor 07/12/2010 Purchase   352.236HEL 000008183 15/07/2025 Book - Borrowing